| 000 | 00575nam a22002057a 4500 | ||
|---|---|---|---|
| 003 | BUBTL | ||
| 008 | 140130b xxu||||| |||| 00| 0 eng d | ||
| 020 | _a81-203-1708-4 | ||
| 082 | _a658.4/R53o | ||
| 100 |
_998 _aRobbins, Stephen P. |
||
| 245 |
_aOrganizational behavior _cby Stephen P. Robbins. |
||
| 250 | _a9th ed. | ||
| 260 |
_aNew York, _bMcGraw Hill, _cc2000. |
||
| 300 |
_axxvi , 643p . : _bill . Graph , Table ; 25cm. |
||
| 500 | _aIncludes Index | ||
| 650 | 0 |
_939 _aManagement |
|
| 856 |
_k0 _l0 _yDownload |
||
| 942 |
_2ddc _cBK |
||
| 999 |
_c80 _d80 |
||